00306nam a2200121Ia 4500008004100000082001300041100001900054245004200073250000900115260004300124300000900167650000800176191201s2009 xx 000 0 und d a657bMAT aMAHESWARI, S N 0aTextbook of Accounting for Management aRep. aN.DelhibVikas Publication Housec2009 amisc aMBA